ბათუმის შოთა რუსთაველის სახელმწიფო უნივერსიტეტის ბიბლიოთეკა

ძველი ქართული საიდუმლო დამწერლობა (ბიბ.ჩანაწერი № 51073)

000 -LEADER
fixed length control field 01110nam a2200265Ia 4500
001 - CONTROL NUMBER
control field 18030
003 - CONTROL NUMBER IDENTIFIER
control field GE_BSU
008 - FIXED-LENGTH DATA ELEMENTS--GENERAL INFORMATION
fixed length control field 181216s||||||||xx |||||||||||||| ||und||
040 ## - CATALOGING SOURCE
Transcribing agency GE_BSU
080 ## - UNIVERSAL DECIMAL CLASSIFICATION NUMBER
Universal Decimal Classification number 003.26
100 ## - MAIN ENTRY--PERSONAL NAME
Personal name ათანელიშვილი, ლილი
245 ## - TITLE STATEMENT
Title ძველი ქართული საიდუმლო დამწერლობა
245 ## - TITLE STATEMENT
Statement of responsibility, etc. რედ. ე. მეტრეველი. ც. ქურციკიძე
250 ## - EDITION STATEMENT
Edition statement საქ. სსრ მეცნ. აკად. კ. კეკელიძის სახ. ხელნაწერთა ინ-ტი.
260 ## - PUBLICATION, DISTRIBUTION, ETC.
Place of publication, distribution, etc. თბილისი
260 ## - PUBLICATION, DISTRIBUTION, ETC.
Name of publisher, distributor, etc. მეცნიერება
260 ## - PUBLICATION, DISTRIBUTION, ETC.
Date of publication, distribution, etc. 1982
300 ## - PHYSICAL DESCRIPTION
Extent 431გვ. ; 21სმ.
300 ## - PHYSICAL DESCRIPTION
Accompanying material საძიებლები: გვ.409-424
520 ## - SUMMARY, ETC.
Summary, etc. რეზ. რუს..
653 ## - INDEX TERM--UNCONTROLLED
Uncontrolled term ქართული საიდუმლო დამწერლობა
653 ## - INDEX TERM--UNCONTROLLED
Uncontrolled term ძველი ქართული საიდუმლო დამწერლობა
942 ## - ADDED ENTRY ELEMENTS (KOHA)
Koha item type წიგნი
ეგზემპლარები
Withdrawn status Lost status Damaged status Not for loan Date acquired Barcode Date last seen Price effective from Koha item type
        2018-12-17 45951 2018-12-17 2018-12-17 წიგნი